Analyse de données chronologiques /
Guardado en:
| Autor Principal: | |
|---|---|
| Formato: | Libro |
| Idioma: | French |
| Publicado: |
Montréal, Québec, Canada :
Presses de l'Université de Montréal,
1985.
|
| Series: | Séminaire de mathématiques supérieures ;
89 |
| Materias: | |
| Etiquetas: |
Agregar Etiqueta
Sin Etiquetas, Sea el primero en etiquetar este registro!
|
| LEADER | 00886nam a2200229 a 4500 | ||
|---|---|---|---|
| 001 | MAT.inmabb006244 | ||
| 008 | 881025s1985####quca#####b####000#0#fre## | ||
| 005 | 20130326200632.0 | ||
| 245 | 1 | 0 | |a Analyse de données chronologiques / |c Guy Mélard. |
| 260 | |a Montréal, Québec, Canada : |b Presses de l'Université de Montréal, |c 1985. | ||
| 300 | |a 169 p. : |b il. ; |c 28 cm. | ||
| 440 | 0 | |a Séminaire de mathématiques supérieures ; |v 89 | |
| 500 | |a Cabecera de portada: Séminaire scientifique OTAN (NATO Advanced Study Institute), Département de mathématiques et de statistique--Université de Montréal. | ||
| 504 | |a Bibliografía: p. [153]-166. | ||
| 510 | 4 | |a MR, |c 86h:62130 | |
| 020 | |a 2760606937 | ||
| 100 | 1 | |a Mélard, Guy. | |
| 650 | 0 | |a Time-series analysis. | |
| 084 | |a 62M10 |2 msc2000 | ||
| 010 | |a 85230756 | ||
| 040 | |a DLC |c DLC |d DLC | ||
| 859 | |h 62 |i M517 |p A-5660 |b BIB. MATEMATICA | ||
